European Countries By Names - Statistics

General Stats
  • This quiz has been taken 1,184 times
  • The average score is 10 of 14
Answer Stats
Hint Answer % Correct
Javier, Dolores Spain
95%
Oliver, Ella United Kingdom
94%
Jørgen, Frida Denmark
90%
João, Margarida Portugal
87%
Aleksey, Tatyana Russia
83%
Pietro, Antonella Italy
79%
Maciej, Sylwia Poland
73%
Christos, Ioanna Greece
72%
Fionn, Sinéad Ireland
72%
Ólafur, Kristín Iceland
66%
Zoltán, Edina Hungary
48%
Juha, Sari Finland
38%
Florin, Nicoleta Romania
35%
Branko, Gordana Croatia
31%
No matching quizzes found
Score Distribution
Percent of People with Each Score
Percentile by Number Answered
Your Score History
You have not taken this quiz